000 00995nam a22003014c 4500
003 AR-BaSMT
008 240627t2019 enka|||ar|||| 000 1 ing d
020 _a9781474964036
040 _aBSGB
_bespañol
_erda
041 0 _aing
_hInglés
080 _a82-34
100 1 _aCowan, Laura
_9483
245 1 4 _aThe Sun and the Wind
264 _aLondres :
_bUsborne,
_c2019
300 _a24 páginas ;
_bilustraciones color
336 _2rdacontent
_atexto
_btxt
337 _2rdamedia
_asin mediación
_bn
338 _2rdacarrier
_avolumen
_bnc
490 _aUsborne English Readers Starter Level
500 _aWith activities and free audio
520 _aThe Wind lives in the sky with his friend, the Sun. The Wind isn't happy, and the Sun wants to help. Can the Wind learn something important?
521 _aPrimaria
650 7 _98
_aLITERATURA INFANTIL
_vInglés
650 7 _923
_aCUENTO
700 1 _aKnight, Jessica
_9484
_eIlustradora
942 _2ddc
_aBOOK
999 _c647
_d647